LEADER 01907nam1-2200445---450- 001 990005602420203316 005 20040426 035 $a000560242 035 $aUSA01000560242 035 $a(ALEPH)000560242USA01 035 $a000560242 100 $a19981214g19811990|||y0itaa50------ba 101 $amul 102 $anl 105 $aa 00||| 200 1 $aContemporary philosophy$ea new survey$d=<> philosophie contemporaine : chroniques nouvelles.$fedited by Guttorm Floiĝistad = La philosophie contemporaine$echroniques nouvelles$fpar les soins de Guttorm Floiĝistad 205 $aDordrecht : Kluwer$b1981-1990 210 $a6 v.$a25 cm 215 $aNell'occhietto: International Institute of Philosophy = Institut International de Philosophie 463 \1$1001990005602430203316$12001 $a<> Philosophy and science in the Middle Ages 463 \1$1001990005603830203316$12001 $a<> Philosophy of language 463 \1$1001990005603840203316$12001 $a<> Philosophy of science = Philosophie des sciences 463 \1$1001990005603850203316$12001 $a<> Philosophy of action = Philosophie de l'action 463 \1$1001990005603860203316$12001 $a<> Philosophy of mind = Philosophie de l'esprit 463 \1$1001990005603870203316$12001 $a<> African philosophy = Philosophie africaine 510 1 $a<> philosophie contemporaine$echroniques nouvelles$3SA0006987 606 $aFilosofia$xBibliografie$2F 606 $aFilosofia$x1968-1990$2F 620 $dDORDRECHT 676 $a190.904 702 1$aFLOISTAD,$bGuttorm 712 02$aInstitut international de philosophie 801 0$aIT$bSA$c20111219 912 $a990005602420203316 959 $aBK 969 $aFIL 979 $c20121027$lUSA01$h1525 979 $aPATRY$b90$c20130305$lUSA01$h1613 996 $aCONTEMPORARY Philosophy$9476263 997 $aUNISA LEADER 00754nam0-22002771i-450- 001 990003191430403321 010 $a0-916354-23-7 035 $a000319143 035 $aFED01000319143 035 $a(Aleph)000319143FED01 035 $a000319143 100 $a20000920d--------km-y0itay50------ba 101 0 $aita 102 $aIT 200 1 $aSex Differences$eCultural and Developmental Dimensions$fPatrick C. Lee, Robert Sussman Stewart, Editors 676 $a15410 702 1$aLee,$bPatrick C. 702 1$aSussman Stewart,$bRobert 801 0$aIT$bUNINA$gRICA$2UNIMARC 901 $aBK 912 $a990003191430403321 952 $a15410 LEE$b8396/I$fSES 959 $aSES 996 $aSex Differences$9453684 997 $aUNINA DB $aING01 LEADER 02532nam 2200493 450 001 996418289103316 005 20210307155958.0 010 $a3-030-60457-8 024 7 $a10.1007/978-3-030-60457-8 035 $a(CKB)4100000011493455 035 $a(DE-He213)978-3-030-60457-8 035 $a(MiAaPQ)EBC6369422 035 $a(PPN)255063903 035 $a(EXLCZ)994100000011493455 100 $a20210307d2020 uy 0 101 0 $aeng 135 $aurnn|008mamaa 181 $ctxt$2rdacontent 182 $cc$2rdamedia 183 $acr$2rdacarrier 200 00$aNatural Language Processing and Chinese Computing $e9th CCF International Conference, NLPCC 2020, Zhengzhou, China, October 14-18, 2020, Proceedings, Part II /$fXiaodan Zhu [and three others], editors 205 $a1st ed. 2020. 210 1$aCham, Switzerland :$cSpringer,$d[2020] 210 4$dİ2020 215 $a1 online resource (XXX, 591 p. 317 illus., 146 illus. in color.) 225 1 $aLecture Notes in Artificial Intelligence ;$v12431 311 $a3-030-60456-X 320 $aIncludes bibliographical references and index. 327 $aTrending Topics (Explainability, Ethics, Privacy, Multimodal NLP) -- Poster -- Explainable AI Workshop -- Student Workshop -- Evaluation Workshop. 330 $aThis two-volume set of LNAI 12340 and LNAI 12341 constitutes the refereed proceedings of the 9th CCF Conference on Natural Language Processing and Chinese Computing, NLPCC 2020, held in Zhengzhou, China, in October 2020. The 70 full papers, 30 poster papers and 14 workshop papers presented were carefully reviewed and selected from 320 submissions. They are organized in the following areas: Conversational Bot/QA; Fundamentals of NLP; Knowledge Base, Graphs and Semantic Web; Machine Learning for NLP; Machine Translation and Multilinguality; NLP Applications; Social Media and Network; Text Mining; and Trending Topics. 410 0$aLecture notes in computer science.$pLecture notes in artificial intelligence ;$v12431. 606 $aNatural language processing (Computer science)$vCongresses 606 $aChinese language$xData processing$vCongresses 615 0$aNatural language processing (Computer science) 615 0$aChinese language$xData processing 676 $a006.35 702 $aZhu$b Xiaodan 801 0$bMiAaPQ 801 1$bMiAaPQ 801 2$bMiAaPQ 906 $aBOOK 912 $a996418289103316 996 $aNatural Language Processing and Chinese Computing$91912515 997 $aUNISA